书目信息 |
| 题名: |
液压传动装置
|
|
| 作者: | 香良光雄 , 中村峻 著 ;吴伦楷 译 | |
| 分册: | ||
| 出版信息: | 北京 国防工业出版社 1977 |
|
| 页数: | 297页 | |
| 开本: | 20cm | |
| 丛书名: | ||
| 单 册: | ||
| 中图分类: | TH137.3 | |
| 科图分类: | ||
| 主题词: | 液压传动装置 | |
| 电子资源: | ||
| ISBN: | 15034.1481 | |
| 000 | 00751nam0 2200253 450 | |
| 001 | 0177007055 | |
| 005 | 20100712215339.0 | |
| 010 | @a15034.1481@dCNY0.91 | |
| 091 | @a15034.1481 | |
| 100 | @a19980113d1977 em y0chiy0110 ea | |
| 101 | 1 | @achi@cjpn |
| 102 | @aCN@b110000 | |
| 105 | @ay z 000yy | |
| 106 | @ar | |
| 200 | 1 | @a液压传动装置@9Ye Ya Chuan;Zhuan Dong Zhuang Zhi @f(日)香良光雄,中村峻著@g吴伦楷等译 |
| 210 | @a北京@c国防工业出版社@d1977 | |
| 215 | @a297页@d20cm | |
| 606 | 0 | @a液压传动装置 |
| 690 | @aTH137.3@v3 | |
| 701 | 0 | @a香良光雄@9xiang liang guang xiong@4著 |
| 701 | 0 | @a中村峻@9zhong cun jun@4著 |
| 702 | 0 | @a吴伦楷@9wu lun kai@f(1937.11~)@4译 |
| 801 | 0 | @aCN@bAzMarc@c20130904 |
| 905 | @aBZT@dTH137.3@e1@f2@sTH137.3/1 | |
| 液压传动装置/(日)香良光雄,中村峻著/吴伦楷等译.-北京:国防工业出版社,1977 |
| 297页;20cm |
| ISBN 15034.1481:CNY0.91 |
| ● |
| 相关链接 |
|
|
|
正题名:液压传动装置
索取号:TH137.3/1
 
预约/预借
| 序号 | 登录号 | 条形码 | 馆藏地/架位号 | 状态 | 备注 |
| 1 | 2000114704 | 2000114704 | 旧书回溯/ [索取号:TH137.3/1] | 在馆 | |
| 2 | 2000118151 | 2000118151 | 旧书回溯/ [索取号:TH137.3/1] | 在馆 |